000 00634nam a2200277Ia 4500
005 20260324133441.0
008 008 260324s9999 xx 000 0 eng d
020 _a9780203464717
037 _aEBOOK
040 _aCRL
040 _beng
040 _cCRL
041 _2eng
041 _aeng
084 _qCRL
100 _aNorman Evans
_91187566
245 0 _aMaking Sense of Lifelong Learning
260 _bTaylor and Francis
260 _c2003
365 _a
365 _b230
856 _uhttp://www.taylorfrancis.com/books/9780203464717
942 _cEBOOK
999 _c1792180
_d1792180